ბათუმის შოთა რუსთაველის სახელმწიფო უნივერსიტეტის ბიბლიოთეკა

New Cutting EDGE : Elementary : (ბიბ.ჩანაწერი № 53146)

000 -LEADER
fixed length control field 00701nam a2200253Ia 4500
001 - CONTROL NUMBER
control field 20185
003 - CONTROL NUMBER IDENTIFIER
control field GE_BSU
005 - DATE AND TIME OF LATEST TRANSACTION
control field 20250714145457.0
008 - FIXED-LENGTH DATA ELEMENTS--GENERAL INFORMATION
fixed length control field 181216s2005||||enk|||||||||||||| ||eng||
020 ## - INTERNATIONAL STANDARD BOOK NUMBER
International Standard Book Number 9780582825017
040 ## - CATALOGING SOURCE
Transcribing agency GE_BSU
041 ## - LANGUAGE CODE
Language code of text/sound track or separate title eng
080 ## - UNIVERSAL DECIMAL CLASSIFICATION NUMBER
Universal Decimal Classification number 811.111(075.8) C-73
100 ## - MAIN ENTRY--PERSONAL NAME
Personal name Cunningham, Sara
9 (RLIN) 25620
245 ## - TITLE STATEMENT
Title New Cutting EDGE : Elementary :
Remainder of title Students book /
Statement of responsibility, etc. Sara Cunningham, Peter Moor, Frances Eales,
264 ## - PRODUCTION, PUBLICATION, DISTRIBUTION, MANUFACTURE, AND COPYRIGHT NOTICE
Place of production, publication, distribution, manufacture Harlow :
Name of producer, publisher, distributor, manufacturer PEARSON,
Date of production, publication, distribution, manufacture, or copyright notice 2005.
300 ## - PHYSICAL DESCRIPTION
Extent 176 p. ;
Dimensions 29 cm.
653 ## - INDEX TERM--UNCONTROLLED
keyword New Cutting EDGE
653 ## - INDEX TERM--UNCONTROLLED
keyword Elementary
653 ## - INDEX TERM--UNCONTROLLED
keyword Students book
653 ## - INDEX TERM--UNCONTROLLED
keyword ინგლისური ენა
942 ## - ADDED ENTRY ELEMENTS (KOHA)
Koha item type წიგნი
Source of classification or shelving scheme
ეგზემპლარები
Withdrawn status Lost status Source of classification or shelving scheme Damaged status Not for loan Permanent Location Current Location Shelving location Date acquired Cost, normal purchase price Full call number Barcode Date last seen Copy number Price effective from Koha item type Public note
          ბათუმის შოთა რუსთაველის სახელმწიფო უნივერსიტეტის მთავარი ბიბლიოთეკა ბათუმის შოთა რუსთაველის სახელმწიფო უნივერსიტეტის მთავარი ბიბლიოთეკა წიგნსაცავი 2018-12-17 5.00 811.111(075.8) C-73 27937 2018-12-17 27937 2018-12-17 წიგნი 5.00₾.